000 01346nam a2200241Ia 4500
003 Ost
005 20260507075001.0
008 260507s9999||||xx |||||||||||||| ||und||
040 _cfsecg
041 _aara
082 _a380
100 _aسعد، غالب ياسين
_eمؤلف
245 0 _aالتجارة الالكترونية /
_c غالب ياسين سعد
260 _aعمان:
_bدار المناهج لنشر,
_c2004
300 _a320 صفحة؛
_bإيضاحات ؛
_c24 سم
504 _aبيبليوغرافيا ص.319-320
520 _aيحتوي الكتاب على مقدمة الأسس النظرية و التقنية للأعمال الإلكترونية ، تجارة التجزئة الإلكترونية تكنولوجيا الأنترنت والتجارة الإلكترونية ، التجارة الإلكترونية ، مواضيع متقدمة في حقل التجارة الإلكترونية، صياغة وتنفيذ إستراتيجية التجارة الإلكترونية، مدخل لتصميم مواقع التجارة الإلكترونية .
653 _aالانترنت
653 _aالتجارة - تكنولوجيا المعلومات والاتصال
653 _aالتجارة الدولية
700 _aالعلاق، بشير عباس
_eمؤلف ثانوي
942 _cكتاب
999 _c42075
_d42075